The republic of technology: reflections on our future community
Saved in:
| Main Author: | |
|---|---|
| Format: | Book |
| Language: | English |
| Published: |
New York, USA
Harper and Row
1978
|
| Subjects: | |
| Tags: |
Add Tag
No Tags, Be the first to tag this record!
|
MARC
| LEADER | 00000cam a2200000 a 4500 | ||
|---|---|---|---|
| 001 | UCE2751 | ||
| 003 | CL-VaPUC | ||
| 005 | 20240820110609.0 | ||
| 008 | 140724e19780000us |||||||||||||||||eng|d | ||
| 999 | |c 356325 |d 356323 | ||
| 020 | |a 0060104287 | ||
| 040 | |c Pontificia Universidad Católica de Valparaíso | ||
| 082 | 0 | 4 | |a 301.243 BOO 1978 |2 21 |
| 100 | |a Boorstin, Daniel J |9 484883 | ||
| 245 | 1 | 4 | |a The republic of technology: reflections on our future community |
| 260 | 0 | 3 | |a New York, USA |b Harper and Row |c 1978 |
| 300 | |a 105 páginas | ||
| 583 | |a last modification |c 20140724 10:48:00 |k Rodrigo Vera | ||
| 650 | 0 | |a Tecnología |9 256742 | |
| 650 | 0 | |a Aspectos sociales |9 254894 | |
| 650 | 7 | |a DESARROLLO TECNOLOGICO |2 CL-VaPUC |9 259800 | |
| 942 | |c BK |2 ddc | ||
| 945 | |d 20140724 10:48:00 |a dcastane | ||
| 952 | |0 0 |1 0 |2 ddc |3 erd |4 0 |6 301_243000000000000_BOO_1978 |7 0 |8 A |9 463595 |a BIBHIS |b BIBHIS |i 5038669 |o 301.243 BOO 1978 |p 5038669 |r 2025-01-20 |t 1 |w 2019-11-23 |y BK |z Catalogado en:20140724 |k HIS | ||